000 00304nam a22001337a 4500
008 170414b xxu||||| |||| 00| 0 eng d
020 _a9780781758062
041 _aeng
080 _25 ED
_a618
100 _a10
101 _aSHM
245 _aOBSTETRICS GYNECOLOGY
_cBECKMANN.CH.R.B
942 _2udc
_cBK
999 _c10863
_d10863